Bude nám biomasa odjedať z taniera?

Využitie biomasy v oblasti obnoviteľných zdrojov energie (OZE) a potravinová bezpečnosť. Náklady na biomasu. Význam biomasy. Poľnohospodárska biomasa a jej využitie. Protiargumenty k využívaniu biomasy ako obnoviteľných zdrojov energie.

Enregistré dans:
Détails bibliographiques
Format: Chapitre de livre
Langue:slovaque
Sujets:
Tags: Ajouter un tag
Pas de tags, Soyez le premier à ajouter un tag!

MARC

LEADER 00000naa$a2200000$$$4500
001 0116113
005 20231011121841.4
041 0 |a slo 
044 |a SK 
245 1 0 |a Bude nám biomasa odjedať z taniera? 
520 |a Využitie biomasy v oblasti obnoviteľných zdrojov energie (OZE) a potravinová bezpečnosť. Náklady na biomasu. Význam biomasy. Poľnohospodárska biomasa a jej využitie. Protiargumenty k využívaniu biomasy ako obnoviteľných zdrojov energie. 
610 2 0 |a biomasa 
610 2 0 |a zdroje energie obnoviteľné 
610 2 0 |a bezpečnosť potravinová 
610 2 0 |a poľnohospodárstvo